000 00490 a2200169 4500
005 20250609112309.0
020 _a0-256-24640-8
082 _a658.15 ROS
100 _aROSS, S. A.
245 _aCorporate Finance
250 _a5th Ed.
260 _aNew York,
_bMcGraw - Hill.
_c1999.
300 _axxiv, 926p.: ill .; figure, table,
_bGlossary & Index,
_c26cm.
700 _aWESTERFIELD, R. A. & JAFFE, J.
856 _yAccess Online Book
_fFinance
_dhttp://www.mhhe.com
942 _2ddc
_cBKS
999 _c1787
_d1787